عرض عادي
عرض مارك
- Fathers and daughters
مدخل مصطلح موضوعي
001 - رقم الضبط
- حقل الضبط: 8151
003 - معرف رقم الضبط
- حقل الضبط: OSt
005 - تاريخ ووقت أخر عملية
- حقل الضبط: 20111214083958.0
008 - عناصر بيانات ثابتة الطول
- حقل تحكم ثابت الطول: 111214|||a|||||| | ||| d
040 ## - مصدر الفهرسة
- هيئة الفهرسة الأصلية: OSt
- وكالة الكتابة: OSt
150 ## - مدخل-- مصطلح تاريخي
- عنصر مدخل المصطلح الموضوعي او الاسم الجغرافي: Fathers and daughters
- تفريع شكلي: Fiction.
670 ## - بيانات المصدر موجوده
- الاستشهاد بالمصدر: Work cat.: (OSt)0: Inchbald, Elizabeth Mrs., 1753-1821. 8149, A simple story /, [2009]
